[Event "Oberliga Baden 1314"]
[Site "Germany"]
[Date "2014.03.16"]
[Round "8.5"]
[White "Mudelsee, Manfred"]
[Black "Vogelbacher, Georg"]
[Result "1-0"]
[WhiteElo "2249"]
[BlackElo "2113"]
[PlyCount "93"]
[EventDate "2013.10.13"]
[EventType "team-tourn"]
[EventRounds "9"]
[EventCountry "GER"]
[SourceTitle "EXT 2015"]
[Source "ChessBase"]
[SourceDate "2014.11.20"]
[SourceVersion "1"]
[SourceVersionDate "2014.11.20"]
[SourceQuality "1"]
[WhiteTeam "Kirchheim"]
[BlackTeam "Waldshut"]
[WhiteTeamCountry "GER"]
[BlackTeamCountry "GER"]

1. e4 e6 2. d4 d5 3. Nc3 Bb4 4. e5 c5 5. a3 Bxc3+ 6. bxc3 Ne7 7. Qg4 Qc7 8. Qxg7 Rg8 9. Qxh7 cxd4 10. Ne2 Nbc6 11. f4 Bd7 12. Qd3 dxc3 13. Nxc3 0-0-0 14. Rb1 Na5 15. Be3 d4 16. Qxd4 b6 17. Ne4 Bc6 18. Nd6+ Kb8 19. c4 Nf5 20. Qc3 Nxe3 21. Qxe3 Nb7 22. c5 bxc5 23. Qxc5 Bd5 24. Qxc7+ Kxc7 25. Nb5+ Kb8 26. Rg1 a6 27. Nc3 Ka7 28. Nxd5 Rxd5 29. Rd1 Ra5 30. Rd7 Rxa3 31. Rxf7 Rc8 32. Be2 Rc2 33. Kf2 Raa2 34. Re1 Kb6 35. Rd7 Nc5 36. Rd4 a5 37. h4 Nb3 38. Rd6+ Kc7 39. Rdd1 Nc5 40. h5 Ne4+ 41. Kf3 Nd2+ 42. Kg4 Ne4 43. Rc1 Kb6 44. h6 Rxe2 45. Rxe2 Rxe2 46. h7 Rxg2+ 47. Kh3 1-0

[Event "Oberliga Baden 1213"]
[Site "Baden"]
[Date "2012.11.11"]
[Round "2.3"]
[White "Schaufelberger, Heinz"]
[Black "Mudelsee, Manfred"]
[Result "1-0"]
[WhiteElo "2261"]
[BlackElo "2278"]
[PlyCount "95"]
[EventDate "2012.10.14"]
[EventType "team-tourn"]
[EventRounds "9"]
[EventCountry "GER"]
[SourceTitle "EXT 2014"]
[Source "ChessBase"]
[SourceDate "2013.11.20"]
[SourceVersion "1"]
[SourceVersionDate "2013.11.20"]
[SourceQuality "1"]
[WhiteTeam "Waldshut"]
[BlackTeam "Kirchheim"]
[WhiteTeamCountry "GER"]
[BlackTeamCountry "GER"]

1. g3 g6 2. Bg2 Bg7 3. c4 c6 4. Nc3 Nh6 5. d3 0-0 6. e4 f5 7. Nge2 fxe4 8. dxe4 Qb6 9. 0-0 Ng4 10. Na4 Qb4 11. Qb3 Na6 12. Bg5 Bf6 13. Bxf6 Rxf6 14. c5+ Qxb3 15. axb3 d6 16. h3 Ne5 17. f4 Nd3 18. cxd6 Rxd6 19. e5 Rd8 20. Rfd1 Be6 21. Be4 Ndc5 22. Nxc5 Nxc5 23. Bc2 Bxh3 24. b4 Na6 25. b5 cxb5 26. Be4 Nc5 27. Bf3 Bf5 28. b4 Be4 29. Rxd8+ Rxd8 30. Bxe4 Nxe4 31. Rxa7 Rd2 32. Kf1 Rb2 33. Rxb7 Kf7 34. g4 Rxb4 35. f5 Nc5 36. Rc7 Nd3 37. f6 Nxe5 38. g5 Nf3 39. Rxe7+ Kf8 40. Rxh7 Nxg5 41. Rg7 Rb1+ 42. Kf2 Ne6 43. Re7 g5 44. Rxe6 Kf7 45. Rb6 Rb4 46. Ke3 Kg6 47. Nd4 Rb1 48. Nf3 1-0

[Event "Oberliga Baden 1112"]
[Site "Germany"]
[Date "2012.02.05"]
[Round "6.5"]
[White "Mudelsee, Manfred"]
[Black "Friedel, Marcus"]
[Result "0-1"]
[WhiteElo "2297"]
[BlackElo "2126"]
[PlyCount "46"]
[EventDate "2011.10.02"]
[EventType "team-tourn"]
[EventRounds "9"]
[EventCountry "GER"]
[SourceTitle "EXT 2013"]
[Source "ChessBase"]
[SourceDate "2012.11.22"]
[SourceVersion "1"]
[SourceVersionDate "2012.11.22"]
[SourceQuality "1"]
[WhiteTeam "Kirchheim"]
[BlackTeam "Ettlingen"]
[WhiteTeamCountry "GER"]
[BlackTeamCountry "GER"]

1. e4 e5 2. Nf3 Nc6 3. Bb5 Nf6 4. Qe2 a6 5. Bc4 Bc5 6. c3 0-0 7. b4 Ba7 8. 0-0 Re8 9. Ng5 Re7 10. Bd5 Nxd5 11. exd5 Nb8 12. Qe4 g6 13. Qh4 f6 14. Ne4 Rf7 15. d6 Qf8 16. dxc7 Nc6 17. b5 axb5 18. Ba3 b4 19. cxb4 b5 20. Nbc3 Bd4 21. Bb2 d5 22. Nxd5 Bxb2 23. Rab1 g5 0-1

[Event "Oberliga Baden 1112"]
[Site "Germany"]
[Date "2011.10.23"]
[Round "2.5"]
[White "Schmidt, Horst"]
[Black "Mudelsee, Manfred"]
[Result "1/2-1/2"]
[WhiteElo "2158"]
[BlackElo "2291"]
[PlyCount "82"]
[EventDate "2011.10.02"]
[EventType "team-tourn"]
[EventRounds "9"]
[EventCountry "GER"]
[SourceTitle "EXT 2013"]
[Source "ChessBase"]
[SourceDate "2012.11.22"]
[SourceVersion "1"]
[SourceVersionDate "2012.11.22"]
[SourceQuality "1"]
[WhiteTeam "Bad Mergentheim"]
[BlackTeam "Kirchheim"]
[WhiteTeamCountry "GER"]
[BlackTeamCountry "GER"]

1. Nf3 d5 2. d4 Nf6 3. g3 g6 4. Bg2 Bg7 5. 0-0 0-0 6. Nbd2 c6 7. b3 a5 8. a4 Re8 9. Bb2 Bf5 10. Nh4 Nbd7 11. Nxf5 gxf5 12. Bh3 e6 13. e3 Ne4 14. Nb1 Qg5 15. Re1 c5 16. c3 h5 17. f3 Nef6 18. Bc1 Qg6 19. Qd3 h4 20. Ra2 hxg3 21. Rg2 gxh2+ 22. Kxh2 Qh7 23. Reg1 Nh5 24. e4 fxe4 25. fxe4 dxe4 26. Qb5 Rad8 27. Bg5 f6 28. Bf4 e5 29. Be3 exd4 30. cxd4 cxd4 31. Bf5 Qh8 32. Qd5+ Kf8 33. Qd6+ Re7 34. Bxd4 Nf4+ 35. Kg3 Nxg2 36. Rxg2 Qh1 37. Nc3 Qe1+ 38. Kh2 Qh4+ 39. Kg1 Qe1+ 40. Kh2 Qh4+ 41. Kg1 Qe1+ 1/2-1/2

[Event "Oberliga Baden 1011"]
[Site "Baden"]
[Date "2010.12.12"]
[Round "4.7"]
[White "Fiderer, Lukas"]
[Black "Mudelsee, Manfred"]
[Result "1-0"]
[WhiteElo "2154"]
[BlackElo "2298"]
[PlyCount "115"]
[EventDate "2010.10.10"]
[EventType "team-tourn"]
[EventRounds "9"]
[EventCountry "GER"]
[SourceTitle "EXT 2012"]
[Source "ChessBase"]
[SourceDate "2011.11.24"]
[SourceVersion "1"]
[SourceVersionDate "2011.11.24"]
[SourceQuality "1"]
[WhiteTeam "Baden-Baden III"]
[BlackTeam "Kirchheim"]
[WhiteTeamCountry "GER"]
[BlackTeamCountry "GER"]

1. e4 c5 2. Nf3 d6 3. d4 cxd4 4. Nxd4 Nf6 5. Nc3 Nc6 6. Bg5 e6 7. Qd3 Be7 8. 0-0-0 0-0 9. h4 Nxd4 10. Qxd4 Qa5 11. Kb1 b5 12. Bxb5 Rb8 13. Qa4 Qc7 14. Qc4 Qa5 15. Qa4 Qc7 16. Rd4 a6 17. Bc6 Bd7 18. Bxd7 Qxc3 19. b3 d5 20. exd5 exd5 21. Rd3 Qc5 22. Be3 Qc7 23. Bf4 Bd6 24. Bxd6 Qxd6 25. Bf5 Rb4 26. Qa3 Rfb8 27. Rhh3 g6 28. Rhg3 Qe5 29. Qb2 d4 30. a3 R4b5 31. Qxd4 Qxf5 32. Rgf3 Rd5 33. Qxf6 Qxf6 34. Rxf6 Rxd3 35. cxd3 Rxb3+ 36. Ka2 Rxd3 37. a4 a5 38. Ra6 Rd2+ 39. Kb3 Rxf2 40. Rxa5 Rxg2 41. Rc5 Rg3+ 42. Kb4 Rg4+ 43. Rc4 Rg1 44. a5 h5 45. a6 Kg7 46. Kb5 Ra1 47. Ra4 Rb1+ 48. Kc6 Rc1+ 49. Kb6 Rb1+ 50. Ka5 Re1 51. a7 Re8 52. Kb6 Ra8 53. Kb7 Re8 54. a8Q Rxa8 55. Rxa8 Kf6 56. Ra5 Ke6 57. Rg5 Kd6 58. Kb6 1-0

[Event "Oberliga Baden 1011"]
[Site "Baden"]
[Date "2010.10.10"]
[Round "1.5"]
[White "Mudelsee, Manfred"]
[Black "Kurz, Ralf"]
[Result "1-0"]
[WhiteElo "2298"]
[BlackElo "2112"]
[PlyCount "75"]
[EventDate "2010.10.10"]
[EventType "team-tourn"]
[EventRounds "9"]
[EventCountry "GER"]
[SourceTitle "EXT 2012"]
[Source "ChessBase"]
[SourceDate "2011.11.24"]
[SourceVersion "1"]
[SourceVersionDate "2011.11.24"]
[SourceQuality "1"]
[WhiteTeam "Kirchheim"]
[BlackTeam "Heidelberg II"]
[WhiteTeamCountry "GER"]
[BlackTeamCountry "GER"]

1. e4 e5 2. Nf3 Nc6 3. Bb5 a6 4. Bxc6 dxc6 5. 0-0 Bg4 6. h3 Bxf3 7. Qxf3 Qd7 8. d3 Bd6 9. Nc3 Ne7 10. Be3 c5 11. Qg4 0-0-0 12. Qxd7+ Kxd7 13. f4 exf4 14. Bxf4 f6 15. Rae1 Bxf4 16. Rxf4 Ng6 17. Rg4 Rhg8 18. Nd5 Ne5 19. Rg3 c6 20. Ne3 Ke6 21. Re2 g5 22. Nf5 Ng6 23. Rf2 Nf4 24. Kh2 h5 25. Re3 h4 26. Nxh4 Nxd3 27. cxd3 gxh4 28. Ref3 Rg6 29. Rc2 Rdg8 30. Rf4 Rg3 31. Rxh4 Rxd3 32. Rh7 b5 33. Rxc5 Rd2 34. Rxc6+ Ke5 35. Re7+ Kf4 36. Rxf6+ Ke3 37. Rf3+ Ke2 38. Ref7 1-0

[Event "Oberliga Baden 0910"]
[Site "Germany"]
[Date "2009.10.18"]
[Round "1.7"]
[White "Mudelsee, Manfred"]
[Black "Sandmeier, Toni"]
[Result "0-1"]
[WhiteElo "2298"]
[BlackElo "2211"]
[PlyCount "76"]
[EventDate "2009.10.18"]
[EventType "team-tourn"]
[EventRounds "9"]
[EventCountry "GER"]
[SourceTitle "EXT 2011"]
[Source "ChessBase"]
[SourceDate "2010.11.26"]
[SourceVersion "1"]
[SourceVersionDate "2010.11.26"]
[SourceQuality "1"]
[WhiteTeam "Kirchheim"]
[BlackTeam "Eppingen II"]
[WhiteTeamCountry "GER"]
[BlackTeamCountry "GER"]

1. e4 Nf6 2. Nc3 d6 3. f4 g6 4. Nf3 Bg7 5. Be2 0-0 6. 0-0 c5 7. d3 Nc6 8. Kh1 Rb8 9. Be3 Ng4 10. Bg1 f5 11. exf5 gxf5 12. d4 cxd4 13. Nxd4 e5 14. Nxf5 Nxh2 15. Bxh2 Bxf5 16. Bd3 Qh4 17. Bxf5 Rxf5 18. g3 Qh6 19. Nd5 Rh5 20. Rf2 Rf8 21. c3 Kh8 22. Qe2 exf4 23. Rxf4 Rxd5 24. Rxf8+ Bxf8 25. Rf1 Re5 26. Qg4 Qg7 27. Qc8 Kg8 28. g4 Re2 29. Qf5 Qe7 30. Bxd6 Qxd6 31. Qf7+ Kh8 32. Qxf8+ Qxf8 33. Rxf8+ Kg7 34. Rc8 Rxb2 35. g5 Ne5 36. Kg1 Kg6 37. c4 Kxg5 38. c5 h5 0-1

[Event "EU-ch 9th"]
[Site "Plovdiv"]
[Date "2008.04.21"]
[Round "1"]
[White "Mudelsee, Manfred"]
[Black "Lupulescu, Constantin"]
[Result "1-0"]
[WhiteElo "2284"]
[BlackElo "2558"]
[PlyCount "113"]
[EventDate "2008.04.21"]
[EventType "swiss"]
[EventRounds "11"]
[EventCountry "BUL"]
[SourceTitle "CBM 124"]
[Source "ChessBase"]
[SourceDate "2008.05.28"]
[SourceVersion "1"]
[SourceVersionDate "2008.05.28"]
[SourceQuality "1"]

1. e4 c5 2. Nf3 d6 3. d4 cxd4 4. Nxd4 Nf6 5. Nc3 a6 6. Bg5 e6 7. f4 Qb6 8. Qd3 Nc6 9. Bxf6 gxf6 10. Nb3 Bd7 11. 0-0-0 0-0-0 12. Kb1 h5 13. Be2 Kb8 14. Rhf1 Bc8 15. a3 Be7 16. Na4 Qa7 17. c4 h4 18. Qc3 Bd7 19. c5 dxc5 20. Naxc5 Be8 21. Rxd8+ Nxd8 22. Rd1 Nc6 23. Nd7+ Bxd7 24. Rxd7 Qg1+ 25. Ka2 Rd8 26. Rxd8+ Nxd8 27. Qd4 Qxg2 28. Bxa6 bxa6 29. Qd7 Qxe4 30. Qxe7 Qd5 31. Qxf6 Kc7 32. Qe7+ Kc6 33. Qxh4 a5 34. f5 e5 35. Qh6+ Kd7 36. Qd2 Qxd2 37. Nxd2 Nc6 38. Kb3 Nd4+ 39. Ka4 Nxf5 40. Kxa5 Nd4 41. Kb4 f5 42. Kc4 Ke6 43. a4 Nc6 44. b4 e4 45. b5 Na5+ 46. Kd4 Kf6 47. Nxe4+ fxe4 48. Kxe4 Ke6 49. Kd4 Nb3+ 50. Kc4 Nd2+ 51. Kc5 Nf3 52. a5 Kd7 53. a6 Kc7 54. b6+ Kb8 55. h3 Kc8 56. Kd6 Kb8 57. a7+ 1-0

[Event "Verbandsliga Nord Baden 0708"]
[Site "Germany"]
[Date "2007.12.16"]
[Round "4.1"]
[White "Mudelsee, Manfred"]
[Black "Haas, Frank Martin"]
[Result "1/2-1/2"]
[WhiteElo "2284"]
[BlackElo "2188"]
[PlyCount "69"]
[EventDate "2007.10.14"]
[EventType "team-tourn"]
[EventRounds "9"]
[EventCountry "GER"]
[SourceTitle "EXT 2009"]
[Source "ChessBase"]
[SourceDate "2008.11.26"]
[SourceVersion "1"]
[SourceVersionDate "2008.11.26"]
[SourceQuality "1"]
[WhiteTeam "Kirchheim II"]
[BlackTeam "Walldorf"]
[WhiteTeamCountry "GER"]
[BlackTeamCountry "GER"]

1. e4 e6 2. d4 d5 3. Nc3 Nf6 4. Bg5 Bb4 5. e5 h6 6. Bc1 Ne4 7. Nge2 c5 8. a3 cxd4 9. axb4 dxc3 10. Nxc3 Nxc3 11. bxc3 Qc7 12. Qd4 Nc6 13. Bb5 0-0 14. Bxc6 bxc6 15. 0-0 a5 16. Re1 Bd7 17. h4 axb4 18. cxb4 Rxa1 19. Qxa1 Rb8 20. Qc3 Qb6 21. Bd2 Kh7 22. Re3 Qd8 23. Qd4 Ra8 24. Rf3 Qe7 25. Qf4 Be8 26. Kh2 c5 27. Rg3 Ra4 28. c3 f5 29. Rh3 Qc7 30. Qe3 cxb4 31. cxb4 Bb5 32. Rg3 Ra2 33. Qf4 Rc2 34. Ra3 Qc4 35. Kg3 1/2-1/2

[Event "Verbandsliga Nord Baden 0506"]
[Site "Germany"]
[Date "2006.04.09"]
[Round "8.2"]
[White "Mudelsee, Manfred"]
[Black "Haas, Michael"]
[Result "0-1"]
[WhiteElo "2285"]
[BlackElo "2176"]
[PlyCount "96"]
[EventDate "2005.10.16"]
[EventType "team-tourn"]
[EventRounds "9"]
[EventCountry "GER"]
[SourceTitle "EXT 2007"]
[Source "ChessBase"]
[SourceDate "2006.11.23"]
[SourceVersion "1"]
[SourceVersionDate "2006.11.23"]
[SourceQuality "1"]
[WhiteTeam "Kirchheim II"]
[BlackTeam "Walldorf"]
[WhiteTeamCountry "GER"]
[BlackTeamCountry "GER"]

1. e4 d5 2. exd5 Qxd5 3. Nc3 Qa5 4. Bc4 Nf6 5. Nge2 Bf5 6. 0-0 e6 7. d4 c6 8. Re1 Bd6 9. Bf4 Qc7 10. Qd2 Nbd7 11. Rad1 0-0-0 12. Bxd6 Qxd6 13. Ng3 Bg6 14. Nce4 Nxe4 15. Nxe4 Bxe4 16. Rxe4 Nf6 17. Ree1 Ng4 18. g3 h5 19. Qg5 Rdg8 20. c3 Rh6 21. b4 Kb8 22. a4 Rf6 23. Qxh5 Nxf2 24. Rd2 Rf5 25. Qe2 Nh3+ 26. Kh1 Rh8 27. Rf1 Rg5 28. Qe3 Qc7 29. a5 a6 30. Re2 Rgh5 31. Rg2 Ka8 32. Be2 R5h6 33. Bg4 Rg6 34. Bf3 f5 35. Be2 Ng5 36. Bd3 Nf7 37. Re1 Nh6 38. Qf4 Qd8 39. Bc4 Qe7 40. Rge2 Ng4 41. Rxe6 Rxh2+ 42. Kg1 Rxe6 43. Rxe6 Qf8 44. Qf3 Rf2 45. Qh1 Qb8 46. Qh4 g5 47. Qxg4 fxg4 48. Kxf2 Qf8+ 0-1

[Event "Bundesliga 0506"]
[Site "Germany"]
[Date "2006.02.19"]
[Round "11.8"]
[White "Mudelsee, Manfred"]
[Black "Schandorff, Lars"]
[Result "1/2-1/2"]
[WhiteElo "2285"]
[BlackElo "2517"]
[PlyCount "43"]
[EventDate "2005.10.21"]
[EventType "team-tourn"]
[EventRounds "15"]
[EventCountry "GER"]
[SourceTitle "CBM 112"]
[Source "ChessBase"]
[SourceDate "2006.06.07"]
[SourceVersion "1"]
[SourceVersionDate "2006.06.07"]
[SourceQuality "1"]
[WhiteTeam "Kirchheim"]
[BlackTeam "Werder Bremen"]
[WhiteTeamCountry "GER"]
[BlackTeamCountry "GER"]

1. e4 c6 2. d4 d5 3. exd5 cxd5 4. Bd3 Nc6 5. c3 Qc7 6. Bg5 Nf6 7. Nd2 Bg4 8. Ngf3 e6 9. Bh4 Bh5 10. Bg3 Bd6 11. 0-0 0-0 12. Re1 Rab8 13. Qe2 a6 14. a4 Rfe8 15. Qe3 Bxg3 16. hxg3 Nd7 17. Qg5 Bxf3 18. Nxf3 e5 19. dxe5 Ncxe5 20. Nxe5 Rxe5 21. Rxe5 Qxe5 22. Qxe5 1/2-1/2

[Event "BL2-Sued 0405"]
[Site "Germany"]
[Date "2005.01.16"]
[Round "5.8"]
[White "Mudelsee, Manfred"]
[Black "Schlager, Thomas"]
[Result "1/2-1/2"]
[WhiteElo "2279"]
[BlackElo "2281"]
[PlyCount "84"]
[EventDate "2004.10.24"]
[EventType "team-tourn"]
[EventRounds "9"]
[EventCountry "GER"]
[SourceTitle "EXT 2007"]
[Source "ChessBase"]
[SourceDate "2006.11.23"]
[SourceVersion "1"]
[SourceVersionDate "2006.11.23"]
[SourceQuality "1"]
[WhiteTeam "Kirchheim"]
[BlackTeam "Karlsruhe"]
[WhiteTeamCountry "GER"]
[BlackTeamCountry "GER"]

1. e4 Nf6 2. e5 Nd5 3. d4 d6 4. Nf3 Bg4 5. Be2 c6 6. Ng5 Bf5 7. Bg4 Bxg4 8. Qxg4 dxe5 9. dxe5 e6 10. Qh5 g6 11. Qe2 Nd7 12. 0-0 h6 13. Nf3 Qc7 14. c4 Ne7 15. Nc3 0-0-0 16. Re1 g5 17. Be3 Ng6 18. Rac1 Kb8 19. b4 Ndxe5 20. Nxe5 Nxe5 21. Nb5 cxb5 22. cxb5 Qd7 23. Bxa7+ Kxa7 24. b6+ Kxb6 25. Qxe5 Bxb4 26. Rb1 Qd4 27. Qe2 Ka7 28. Qb5 Qd2 29. Qa4+ Ba5 30. h3 Kb8 31. Re5 Rd5 32. Rxd5 exd5 33. Qc6 Bb4 34. Qb5 Rc8 35. Rxb4 Qc1+ 36. Kh2 Qc6 37. h4 Qxb5 38. Rxb5 d4 39. Rd5 gxh4 40. Rxd4 Rc2 41. Rxh4 Rxf2 42. Rxh6 Rxa2 1/2-1/2

[Event "BL2-Sued 0203"]
[Site "Germany"]
[Date "2003.03.09"]
[Round "8.6"]
[White "Mudelsee, Manfred"]
[Black "Ristic, Nenad"]
[Result "0-1"]
[WhiteElo "2291"]
[BlackElo "2473"]
[PlyCount "86"]
[EventDate "2002.10.20"]
[EventType "team-tourn"]
[EventRounds "9"]
[EventCountry "GER"]
[SourceTitle "EXT 2004"]
[Source "ChessBase"]
[SourceDate "2003.11.25"]
[SourceVersion "1"]
[SourceVersionDate "2003.11.25"]
[SourceQuality "1"]
[WhiteTeam "Kirchheim"]
[BlackTeam "St Ingbert"]
[WhiteTeamCountry "GER"]
[BlackTeamCountry "GER"]

1. e4 c5 2. Nf3 d6 3. d4 cxd4 4. Nxd4 Nf6 5. Nc3 g6 6. Be3 Bg7 7. f3 Nc6 8. Qd2 0-0 9. Bc4 Bd7 10. h4 Qa5 11. Bb3 Rfc8 12. h5 Nxh5 13. g4 Nf6 14. 0-0-0 Ne5 15. Bh6 Bxh6 16. Qxh6 Rxc3 17. bxc3 Rc8 18. Kb1 Nc4 19. Bxc4 Rxc4 20. Rd3 Rxc3 21. Qd2 Qb6+ 22. Nb3 Rc5 23. Ka1 Re5 24. c4 Qc6 25. g5 Nxe4 26. fxe4 Qxe4 27. Rc1 Qf5 28. Rd5 Bc6 29. Rxe5 Qxe5+ 30. Nd4 h6 31. gxh6 Kh7 32. Rc3 Be4 33. Kb2 g5 34. Qf2 f5 35. Nb3 a6 36. Nd2 Bc6 37. Qe3 Qxe3 38. Rxe3 e5 39. Rd3 g4 40. Rxd6 g3 41. Nb3 g2 42. Rd1 f4 43. Nc1 f3 0-1

[Event "Oberliga Baden 9798"]
[Site "Germany"]
[Date "1998.01.18"]
[Round "5.6"]
[White "Fehling, Michael"]
[Black "Mudelsee, Manfred"]
[Result "1/2-1/2"]
[WhiteElo "2235"]
[BlackElo "2270"]
[PlyCount "83"]
[EventDate "1997.10.??"]
[EventType "team-tourn"]
[EventRounds "9"]
[EventCountry "GER"]
[SourceTitle "EXT 2002"]
[Source "ChessBase"]
[SourceDate "2001.11.25"]
[SourceVersion "1"]
[SourceVersionDate "2001.11.25"]
[SourceQuality "1"]
[WhiteTeam "Freiburg"]
[BlackTeam "Kirchheim"]
[WhiteTeamCountry "GER"]
[BlackTeamCountry "GER"]

1. e4 c5 2. Nf3 d6 3. d4 cxd4 4. Nxd4 Nf6 5. Nc3 Nc6 6. Bc4 e6 7. Be3 a6 8. Qe2 Qc7 9. 0-0-0 Na5 10. Bd3 b5 11. f4 Rb8 12. Rhe1 Nc4 13. Bf2 Be7 14. g4 Nd7 15. Nf5 Ndb6 16. Nxe7 Qxe7 17. Bd4 0-0 18. g5 e5 19. Nd5 Qd8 20. fxe5 dxe5 21. Bxc4 exd4 22. Bb3 Qxg5+ 23. Qd2 Qxd2+ 24. Rxd2 Re8 25. Rxd4 Nxd5 26. Bxd5 Be6 27. Red1 g6 28. c3 Rb6 29. a4 Kg7 30. axb5 axb5 31. Rf1 Rd6 32. Rf2 h6 33. b3 Rb6 34. Kc2 Re7 35. Kd3 g5 36. Rb4 f5 37. Bxe6 fxe4+ 38. Rxe4 Rd6+ 39. Kc2 Rexe6 40. Rxe6 Rxe6 41. c4 bxc4 42. bxc4 1/2-1/2

[Event "BL2-Sued 9495"]
[Site "Germany"]
[Date "1995.??.??"]
[Round "4.7"]
[White "Braun, Christian"]
[Black "Mudelsee, Manfred"]
[Result "1-0"]
[WhiteElo "2180"]
[BlackElo "2275"]
[PlyCount "60"]
[EventDate "1994.10.??"]
[EventType "team-tourn"]
[EventRounds "9"]
[EventCountry "GER"]
[SourceTitle "GER-chT2"]
[Source "ChessBase"]
[SourceDate "1999.07.01"]
[SourceVersion "1"]
[SourceVersionDate "1999.07.01"]
[SourceQuality "1"]
[WhiteTeam "Wuerzburg"]
[BlackTeam "Kirchheim"]
[WhiteTeamCountry "GER"]
[BlackTeamCountry "GER"]

1. d4 d5 2. c4 c6 3. Nf3 Nf6 4. Nc3 dxc4 5. a4 Na6 6. e3 Bg4 7. Bxc4 e6 8. 0-0 Nb4 9. Qe2 a5 10. Rd1 Be7 11. e4 Bxf3 12. gxf3 Qc7 13. f4 0-0 14. Be3 Rac8 15. Rac1 Rfd8 16. Qf3 c5 17. Nb5 Qb6 18. f5 exf5 19. Qxf5 g6 20. Qf3 Rf8 21. dxc5 Rxc5 22. e5 Qc6 23. Qxc6 Rxc6 24. exf6 Bxf6 25. Bh6 Bxb2 26. Bxf8 Bxc1 27. Rd8 Bg5 28. Re8 h5 29. Bxb4+ Kg7 30. Bc3+ Bf6 1-0

[Event "BL2-Sued 9495"]
[Site "Germany"]
[Date "1995.??.??"]
[Round "7.7"]
[White "Mudelsee, Manfred"]
[Black "Neunhoeffer, Helmut"]
[Result "1-0"]
[WhiteElo "2275"]
[BlackElo "2300"]
[PlyCount "63"]
[EventDate "1994.10.??"]
[EventType "team-tourn"]
[EventRounds "9"]
[EventCountry "GER"]
[SourceTitle "GER-chT2"]
[Source "ChessBase"]
[SourceDate "1999.07.01"]
[SourceVersion "1"]
[SourceVersionDate "1999.07.01"]
[SourceQuality "1"]
[WhiteTeam "Kirchheim"]
[BlackTeam "Heidelberg"]
[WhiteTeamCountry "GER"]
[BlackTeamCountry "GER"]

1. e4 e5 2. Nf3 Nc6 3. Bb5 a6 4. Bxc6 dxc6 5. 0-0 f6 6. d4 Bg4 7. c3 Bd6 8. Be3 Qe7 9. Nbd2 0-0-0 10. Qc2 Re8 11. dxe5 fxe5 12. c4 Qe6 13. c5 Bf8 14. b4 Qg6 15. a4 Bd7 16. Ne1 Nf6 17. f3 Qh5 18. Nd3 g5 19. h3 Bg7 20. Nc4 Re7 21. b5 cxb5 22. axb5 Bxb5 23. Nd6+ Kd7 24. Nxb5 axb5 25. c6+ bxc6 26. Rfd1 Ke8 27. Qb3 Kf8 28. Bc5 Qf7 29. Nxe5 Qxb3 30. Rd8+ Ne8 31. Rxe8+ Kxe8 32. Ra8# 1-0

[Event "BL2-Sued 9495"]
[Site "Germany"]
[Date "1995.??.??"]
[Round "6.7"]
[White "Schulze, Eberhard"]
[Black "Mudelsee, Manfred"]
[Result "0-1"]
[WhiteElo "2260"]
[BlackElo "2275"]
[PlyCount "66"]
[EventDate "1994.10.??"]
[EventType "team-tourn"]
[EventRounds "9"]
[EventCountry "GER"]
[SourceTitle "GER-chT2"]
[Source "ChessBase"]
[SourceDate "1999.07.01"]
[SourceVersion "1"]
[SourceVersionDate "1999.07.01"]
[SourceQuality "1"]
[WhiteTeam "Eppingen"]
[BlackTeam "Kirchheim"]
[WhiteTeamCountry "GER"]
[BlackTeamCountry "GER"]

1. Nf3 Nf6 2. c4 g6 3. Nc3 Bg7 4. g3 0-0 5. Bg2 d6 6. 0-0 e5 7. d4 Nc6 8. d5 Ne7 9. c5 Ne8 10. cxd6 cxd6 11. Qb3 h6 12. Nd2 f5 13. Nc4 g5 14. Bd2 Kh8 15. Rac1 g4 16. Nb5 e4 17. f3 Nxd5 18. fxe4 fxe4 19. Rxf8+ Bxf8 20. Rf1 Nef6 21. Nc3 Nxc3 22. Bxc3 Bg7 23. Nxd6 Qxd6 24. Qf7 Be6 25. Qg6 Rf8 26. Bxf6 Bxf6 27. Bxe4 Qe7 28. Qxh6+ Kg8 29. Bh7+ Qxh7 30. Rxf6 Qb1+ 31. Kf2 Rxf6+ 32. Qxf6 Qf5+ 33. Qxf5 Bxf5 0-1

[Event "BL2-Sued 9394"]
[Site "Germany"]
[Date "1994.??.??"]
[Round "?.6"]
[White "Gerigk, Erasmus"]
[Black "Mudelsee, Manfred"]
[Result "1/2-1/2"]
[WhiteElo "2270"]
[BlackElo "2275"]
[PlyCount "40"]
[EventDate "1993.10.??"]
[EventType "team-tourn"]
[EventRounds "9"]
[EventCountry "GER"]
[SourceTitle "GER-chT2"]
[Source "ChessBase"]
[SourceDate "1999.07.01"]
[SourceVersion "1"]
[SourceVersionDate "1999.07.01"]
[SourceQuality "1"]
[WhiteTeam "Heidelberg"]
[BlackTeam "Kirchheim"]
[WhiteTeamCountry "GER"]
[BlackTeamCountry "GER"]

1. e4 c5 2. Nf3 d6 3. Bb5+ Nd7 4. d4 Ngf6 5. Nc3 cxd4 6. Qxd4 a6 7. Bxd7+ Bxd7 8. Bg5 h6 9. Bxf6 gxf6 10. 0-0 Rc8 11. a4 Qc7 12. Ne1 Rg8 13. Ra3 Qc5 14. Qd2 e6 15. Nd3 Qd4 16. Rb3 d5 17. exd5 Rxg2+ 18. Kxg2 Qg4+ 19. Kh1 Qf3+ 20. Kg1 Qg4+ 1/2-1/2